Ethnic Group Quiz - Statistics

General Stats
  • This quiz has been taken 16 times
  • The average score is 5 of 16
Answer Stats
Hint Ethnic Group % Correct
Largest Ethnic Group without a state Kurds
92%
Largest Ethnic Minority in South Africa Zulu
75%
Ethnic Group found in Spain and France thatspeak a language unrelated to any language in Europe Basques
50%
Oceanic Ethnic Group that has had it's languagedriven to near-extinction by the US Government Hawaiians
42%
Ethnic Group found in the US States of Arizona,New Mexico, and Utah Navajo
33%
Ethnic Group found in Peru and Bolivia that wereresponsible for forming the Inca Empire Quechua
33%
Oppressed Ethnic Minority in West Myanmar Rohingya
33%
Second Largest Ethnic Group in Russia Tatars
25%
Ethnic Group in southern Myanmar that speak a unique language Mon
17%
Nilotic Ethnic Group that live along the Nile Riverin South Sudan Nuer
17%
Ethnic Group that inhabits a small island knownfor it's Carved Statues Rapa Nui
17%
Slavic Minority in Eastern Germany Sorbians
17%
Germanic Ethnic Group that immigrated to Brazil200 Years Ago Hunsrik
0%
Ethnic Group that inhabit the island of Greenland Kalaallisut
0%
Mayan Ethnic Group that has a language with1 Million Speakers across Central America and the US Q'eqchi'
0%
Ethnic Group in Ethiopia known for theirtradition Mouth-Plates Surma
0%
No matching quizzes found
Score Distribution
Percent of People with Each Score
Percentile by Number Answered
Your Score History
You have not taken this quiz